| 000 | 00471nam a2200193 i 4500 | ||
|---|---|---|---|
| 001 | bg | ||
| 100 | 1 | _aYUASA, Taiichi | |
| 245 | 0 |
_aIntroduction to common LISP / _cTaiichi Yuasa, Masami Hagiya. |
|
| 260 |
_aBoston : _bAcademic Press, _c1987. |
||
| 650 | 9 | _aLisp | |
| 700 | 1 | _aHAGIYA, Masami | |
| 020 | _a0127748601 | ||
| 040 | _cBPK | ||
| 041 | _apol | ||
| 080 | _a004.43 | ||
| 920 | _a0-12-774860-1 | ||
| 942 | _cKS | ||
| 008 | s pl f |000 0 pol | ||
| 999 |
_c28859 _d28859 |
||
| 856 |
_uhttp://koha.tu.koszalin.pl/cgi-bin/koha/opac-detail.pl?biblionumber=28859 _yKatalog online BPK |
||